003150000a220007300045001000024000002450134000243000036001587730047001941 aDeMaris, Richard E.10aPossession, good and bad ritual, effects and side-effects : The baptism of Jesus and Mark 1.9-11 from a cross cultural perpective aNúm 80 (2000), Páginas 3-300 tJournal for the Study of the New Testament